书目信息 |
| 题名: |
交流伺服系统
|
|
| 作者: | 郭庆鼎 , 王成元 编著 | |
| 分册: | ||
| 出版信息: | 北京 机械工业出版社 1998.06 |
|
| 页数: | 271页 | |
| 开本: | 19cm | |
| 丛书名: | ||
| 单 册: | ||
| 中图分类: | TM921.54 | |
| 科图分类: | ||
| 主题词: | 电力传动 | |
| 电子资源: | ||
| ISBN: | 7-111-04071-6 | |
| 000 | 00620nam0 2200205 45 | |
| 001 | 0230690576 | |
| 005 | 2002061408313057 | |
| 010 | @a7-111-04071-6@dRMB 14.00 | |
| 100 | @a20020614d1998 km y0chiy0120 ea | |
| 101 | 0 | @achi |
| 102 | @aCN@b110000 | |
| 200 | 1 | @a交流伺服系统@Ajiao liu ci fu xi tong@f郭庆鼎,王成元编著@FGuo Qing Ding,Wang Cheng Yuan Bian Zhu |
| 210 | @a北京@c机械工业出版社@d1998.06 | |
| 215 | @a271页@d19cm | |
| 606 | 0 | @a电力传动 |
| 690 | @aTM921.54@v3 | |
| 701 | 0 | @a郭庆鼎@AGuo Qing Ding@4编著 |
| 701 | 0 | @a王成元@AWang Cheng Yuan@4编著 |
| 801 | 0 | @aCN@bPFT@c20020614 |
| 905 | @a10447@dTM921.54@eG820 | |
| 交流伺服系统/郭庆鼎,王成元编著.-北京:机械工业出版社,1998.06 |
| 271页;19cm |
| ISBN 7-111-04071-6:RMB 14.00 |
| ● |
| 相关链接 |
|
|
|
正题名:交流伺服系统
索取号:TM921.54/G820
 
预约/预借
| 序号 | 登录号 | 条形码 | 馆藏地/架位号 | 状态 | 备注 |
| 1 | 353258 | 203532588 | 自科库301/301自科库 28排3列5层/ [索取号:TM921.54/G820] | 在馆 | |
| 2 | 353259 | 203532597 | 自科库301/301自科库 21排1列4层/ [索取号:TM921.54/G820] | 在馆 |